| 000 | 00359nam a22001457a 4500 | ||
|---|---|---|---|
| 003 | SGT | ||
| 020 | _a9788180421198 | ||
| 082 |
_a320 _bB08A |
||
| 100 | _aANAND,VIDHYASAGAR | ||
| 245 | _a1857 KE PRATHAM SWATANTRATA SENANI OR BAHADUR SHAH JAFAR | ||
| 260 |
_bMODERN PUBLISHING HOUSE _c2008 |
||
| 300 | _a576 | ||
| 650 | _aPOLITICAL SCIENCE | ||
| 942 |
_2ddc _cBK |
||
| 999 |
_c27990 _d27990 |
||